000
00274nam a2200109Ia 4500
008
190216s9999||||xx |||||||||||||| ||und||
100
_a
Gerda Groohling
245
0
_a
Sangethika Padangal Textiles Vyavasayam
260
_b
Bhasha Institute
650
_a
Malayalam
942
_c
BK
999
_c
38024
_d
38024